Statistics for Once Upon A Time Season 1 Trivia Quiz

Click here to take the quiz!

General Stats

  • This quiz has been taken 498 times
  • The average score is 8 of 15

Answer Stats

HintAnswer% Correct
In the episode "Hat Trick," the Evil Queen asks Jefferson to take her to another land. What is the other land called?Wonderland
86%
Who is The Queen of Hearts?Cora
83%
How old was August when he came through the wardrobe and landed on the outskirts of Storybrooke?7 years old
79%
In order to cast the dark curse who did Regina have to kill?Her father
78%
What speical ingredient doe Emma like to have in her hot chocolate?Cinnamon
77%
What's the name of Regina's first love?Daniel
77%
In Fairy Tale Land, how are Dwarves born?They are hatched from eggs
58%
In the episode "Snow Falls," Charming and Snow end up fighting what type of creatures?Trolls
56%
What does Rumplestiltskin ask Cinderella to give him in return for giving her the life she wanted?Her first born child
53%
Who is Sister Astrid back in Fairy Tale Land?Nova
41%
What type of tree was the enchanted wardrobe made of?Oak
30%
Back in Fairy Tale Land. What does Red call the time when the full moon comes out once a month?Wolf's Time
18%
What was the name of Emma's "blind date" in the pilot episode?Ryan
16%
At what time did the clock in the town square start to move?8:15 p.m.
12%
What animal does Maleficent have as a pet?Black unicorn
5%

Score Distribution

Percentile by Number Answered

Percent of People with Each Score

Your Score History

You have not taken this quiz